| 000 | 00877nam a22002657a 4500 | ||
|---|---|---|---|
| 005 | 20170124110025.0 | ||
| 010 | _aB-064096 | ||
| 020 |
_c00.00 _a8122405401 |
||
| 035 | _aB-064096 | ||
| 037 | _bCen Lib/Ret | ||
| 040 |
_aDPL _bEN |
||
| 082 |
_a512 _bJAI |
||
| 100 |
_aJain, M. K. _920478 |
||
| 245 |
_aNumerical methods for scientific and engineering computation / _cby M. K. Jain, S. R. K. Iyengar [and] R. K. Jain |
||
| 250 | _a3rd ed | ||
| 260 |
_aNew Delhi _bInternational Scientific Publishing _c1993 |
||
| 270 |
_bNew Delhi _a4835/24, Ansari Road, Darya Ganj _e110001 |
||
| 300 |
_axi,454p. _c24cm(Hb) |
||
| 500 | _aIncludes bibliographical references and index | ||
| 650 |
_aNumerical analysis _920479 |
||
| 650 |
_aMathematics _98937 |
||
| 700 |
_aIyengar, S. R. K. _920476 |
||
| 700 |
_a Jain, R. K. _920477 |
||
| 942 |
_2ddc _cEN _h512 _mJAI |
||
| 999 |
_c127427 _d127427 |
||